00553nam a2200157Ia 4500008004100000082002000041100002400061245002000085260003900105300001000144630001800154650008100172942000900253952011800262999001500380211109s9999||||xx |||||||||||||| ||und|| a494.812 bRAJ-B aRajaraja Varma, A R 0aBashabhooshanam bNATIONAL BOOKSTALLaKottayamc1900 a120p. xGeneral Stack alanguagesvOther languagesAltaic, Uralic, Hyperborean & DravidianxGeneralia cBOOK 00104070aSBCLbSBCLc2d2021-11-09g100.00l0o494.812 RAJ-Bp00005728r2021-11-09 00:00:00w2021-11-09yBOOK c5271d5271